MARC

LEADER 00000nas a2200000 a 4500
001 ssj0023810
003 WaSeSS
005 20200512172242.0
006 m d
007 cr n
008 950518c19959999flubr p s 0 a0eng c
010 |a sn 95004844  
022 |l 1082-6106  |y 1082-6106 
035 |a (WaSeSS)ssj0023810 
037 |b Technology Systems Corp., Box 2174, Palm City, FL 34990-7174 
040 |a NSD  |b eng  |c NSD  |d TXA  |d OCLCQ  |d OCLCF  |d OCLCO  |d CUS  |d WaSeSS 
042 |a nsdp  |a pcc 
050 1 4 |a TC1501  |b .O255 
082 1 0 |a 620  |2 12 
210 0 |a Ocean news technol. 
222 0 |a Ocean news & technology 
245 0 0 |a Ocean news & technology  |h [electronic resource]. 
246 3 |a Ocean news and technology 
246 1 7 |a ON & T 
260 |a Palm City, Fla. :  |b Technology Systems Corp.,  |c [1995]- 
310 |a Bimonthly 
362 0 |a Vol. 1, no. 1 (Sep./Oct. 1995)- 
500 |a Title from cover. 
506 |a License restrictions may limit access. 
588 |a Latest issue consulted: Vol. 10, issue 2 (Mar./Apr. 2004). 
650 0 |a Ocean engineering  |v Periodicals. 
650 0 |a Offshore structures  |x Design and construction  |v Periodicals. 
650 0 |a Marine engineering  |v Periodicals. 
650 0 |a Oceanography  |x Equipment and supplies  |v Periodicals. 
650 7 |a Marine engineering.  |2 fast  |0 (OCoLC)fst01009532 
650 7 |a Ocean engineering.  |2 fast  |0 (OCoLC)fst01043504 
650 7 |a Oceanography  |x Equipment and supplies.  |2 fast  |0 (OCoLC)fst01043684 
650 7 |a Offshore structures  |x Design and construction.  |2 fast  |0 (OCoLC)fst01044398 
655 0 |a Electronic journals. 
780 0 0 |t Underwater news & technology  |x 1069-6547  |w (DLC)sn 93006119  |w (OCoLC)28130426 
856 4 0 |z Full text available from Research Library: 05/01/1998 to present  |u https://search.proquest.com/publication/33476